|
|
|
|
| LEADER |
00689cam a2200205 7i4500 |
| 001 |
0000043331 |
| 005 |
20200605090000.0 |
| 020 |
|
|
|a 9781449623944 (pbk.)
|
| 090 |
0 |
0 |
|a RA409
|b .S76 2012
|
| 100 |
1 |
|
|a Sullivan, Lisa M
|
| 245 |
1 |
0 |
|a Essentials of biostatistics in public health
|c Lisa M. Sullivan.
|
| 250 |
|
|
|a 2nd ed.
|
| 260 |
|
|
|a Burlingto, MA:
|b Jones & Bartlett Learning,
|c 2012.
|
| 300 |
|
|
|a xii, 313 p.:
|b ill.;
|c 28 cm.
|
| 490 |
0 |
|
|a Essential public health
|
| 650 |
0 |
0 |
|a Public health --
|x Statistical methods
|
| 650 |
0 |
0 |
|a Medical statistics
|
| 997 |
|
|
|a Health Sciences, Faculty
|
| 998 |
|
|
|a Environmental Health, Diploma
|
| 999 |
|
|
|a 0000057358
|b BOK
|c OPEN SHELF
|e 1st Floor, Shah Alam
|